Vocabulary Blitz XXIX Quiz Stats

Quiz Updated Jan 12, 2018

Challenge
Share
Tweet
Embed
Score 0/5 Timer 01:00
2 Plays Today
% Correct
panorama
96.9%
panacea
76.8%
panoply
60.1%
panegyric
56.8%
panjandrum
54%

You're not logged in!

Compare scores with friends on all Sporcle quizzes.
Sign Up with Email
OR
Log In

You Might Also Like...

Show Comments

Extras

Top Quizzes Today


Score Distribution

Your Account Isn't Verified!

In order to create a playlist on Sporcle, you need to verify the email address you used during registration. Go to your Sporcle Settings to finish the process.